Thế giới nhân vật trong tiểu thuyết Tiếu ngạo giang hồ của Kim Dung

“Tiếu ngạo giang hồ” – đỉnh cao tiểu thuyết võ hiệp của Kim Dung. Thế giới nhân vật trong “Tiếu ngạo giang hồ” của Kim Dung.

Sparad:
Bibliografiska uppgifter
Huvudupphovsman: Nguyễn Quang Trường
Övriga upphovsmän: Trần Ái Vân (Hướng dẫn)
Materialtyp: Bok
Språk:Vietnamese
Publicerad: Đà Nẵng Đại học Sư phạm, Đại học Đà Nẵng 2012
Ämnen:
Taggar: Lägg till en tagg
Inga taggar, Lägg till första taggen!
Thư viện lưu trữ: Mạng thư viện Đại học Đà Nẵng
LEADER 01476nam a2200325 4500
001 000016980
003 13391
005 20130116140145.0
008 130116s2012 viesd
041 0 |a vie 
082 |a 895.13  |b NG-T 
100 1 |a Nguyễn Quang Trường 
245 0 |a Thế giới nhân vật trong tiểu thuyết Tiếu ngạo giang hồ của Kim Dung  |c Nguyễn Quang Trường ; Trần Ái Vân hướng dẫn  |k Khóa luận tốt nghiệp 
260 |a Đà Nẵng  |b Đại học Sư phạm, Đại học Đà Nẵng  |c 2012 
300 |a 56 tr.  |c 29 cm.  |e Đĩa CD 
500 |a Khóa luận tốt nghiệp đại học. Chuyên ngành: Cử nhân văn học 
504 |a Mục lục đầu trang, tài liệu tham khảo tr. 73 - 74, phụ lục [13 tr.] 
520 |a “Tiếu ngạo giang hồ” – đỉnh cao tiểu thuyết võ hiệp của Kim Dung. Thế giới nhân vật trong “Tiếu ngạo giang hồ” của Kim Dung. 
600 1 4 |a Kim Dung  |b Vua  |c Đinh Tiên Hoàng  |d 1924-  |t Tiếu ngạo giang hồ 
650 0 4 |a Tiểu thuyết Trung Quốc  |v Khóa luận tốt nghiệp  |x Nghiên cứu  |z Trung Quốc 
653 |a Tiểu thuyết  |a Khoa Ngữ văn 
700 |a Trần Ái Vân  |e Hướng dẫn 
OWN |a LSP 
999 |a From the UDN01 
TYP |a Monograph 
TYP |a Printed language 
980 |a Mạng thư viện Đại học Đà Nẵng